000 00627nam a2200229Ia 4500
003 OSt
005 20221007071552.0
006 a|||||r|||| 00| 0
007 ta
008 221006b |||||||| |||| 00| 0 eng d
024 _a10,706
037 _cTextual
040 _aFLL
_cFLL
_beng
041 _2eng
_aeng
082 _aL:Z091, M4
100 _aTaylor A.S. Au.
_9689015
245 0 _aPrinciples and practice of medical jurisprudence
260 _aLondon
_bChurchill livingstone London
_c1984
300 _a415p
_ccm.
942 _hL:Z091, M4
_cTEXL
_2CC
999 _c1143707
_d1143707